Kirchengeschichte - Statistiken

Allgemein
  • Dieses Quiz wurde 34 mal gespielt
  • Das Durchschnittsergebnis liegt bei 15 aus 31
Antwortstatistiken
Frage Antwort % Korrekt
Wann war die Französische Revolution? 1789
81%
Wie viele Thesen verfasste Martin Luther? 95
77%
Was ist Kirchengeschichte? Hermeneutisch, kritisch, konstruktiv
74%
Welcher Intervall datiert die Reformationszeit am besten? 1517-1555
71%
Wann wird der 30-jährige Krieg datiert? 1618-1648
71%
Womit endet die Reformationszeit? Augsburger Religionsfrieden
71%
'Hermeneutisch' kommt aus dem griechischen und heißt? (ἑρμηνεύειν (hermēneuein) = ...) auslegen, deuten, erklären
71%
Was könnte hermeneutisch beschreiben? Quellenarbeit, Suche, Auslegung, Rückschlüsse, Zusammenhänge, Erweiterung, Korrelation
71%
Wann war das Konzil von Nicäa? 325
68%
Wie viele "namenhafte" Konzile gab es zwischen 320 und 460 n. Chr.? Drei
65%
Mit welchen Begriffen lässt sich das erste Jahrhundert n. Chr. am ehesten beschreiben? Mission und Verfolgung
61%
Was passierte 1618? Prager Fenstersturz
61%
Wann sind die Kreuzzüge datiert? (196 Jahre) 1095-1291
58%
Wann wird der Westfälische Frieden datiert? 1648
55%
Wie viele der "namenhaften" Konzile waren im 4. Jh. n. Chr.? Zwei
55%
Wann war das Konzil von Chalcedon? 451
52%
Wann ist der 'Wormser Reichstag' datiert? 1521
45%
Wann war das Konzil von Konstantinopel? 381
45%
Zu welchen Jahreszahlen passt die Völkerwanderung? (93 Jahre) 375-468
39%
Wann war das Treinter Konzil? 1545
35%
In welchem Jahrhundert wird das Thomas-Evangelium datiert? 2. Jhd.
35%
Wann wird die Moderne kirchengeschichtlich am ehesten datiert? Ende 18. Jhd.
35%
Welche Fakten passen zum 'Großen Schisma'? Alle sechs
32%
Welche langfristigen Ursachen gab es für das 'Große Schisma'? Alle vier
32%
Wie viele Phasen hatte der 30-jährige Krieg? Drei
32%
In welche beiden Jhd. passt die Entstehung der Universitäten? 12.-13. Jhd.
29%
Was könnte bei Kirchengeschichte konstruktiv bedeuten? Die Kirchengeschichte ist (wie Medien) eine Erzählung mit von bestimmten Personen ausgewählten Schwerpunkten und daher konstruktiv.
29%
Wann wird der Barnabas-Brief datiert? 70-130
23%
Nenne die richtige Reihenfolge folgender drei pietistischen Generationen. Spener, Francke, Zinzendorf
16%
Welche Zitate könnten für Kirchengeschichte gelten? Alle drei
13%
Warum ist die Datierung der Reformationszeit von 1517-1555 kritisch? Das ist stark protestantisch. Katholisch wäre eher 1500 oder 1545 wichtige Daten.
13%
Keine übereinstimmenden Quizze gefunden
Verteilung der Resultate
Anzahl Personen mit jedem Resultat
Perzentil nach korrekt beantworteten Fragen
Ihre Resultats-Entwicklung
Sie haben dieses Quiz noch nicht gespielt